Visualizzazione normale
Vista MARC
- Roach Max
di Personal Name
Records bibliografici associati: 1
001 - CONTROL NUMBER
- control field: 13732
003 - CONTROL NUMBER IDENTIFIER
- control field: IT-RoPau
005 - DATE AND TIME OF LATEST TRANSACTION
- control field: 20140217122207.0
008 - FIXED-LENGTH DATA ELEMENTS
- fixed length control field: 140217|| aca||aabn | a|a d
040 ## - CATALOGING SOURCE
- Original cataloging agency: IT-RoPau
- Transcribing agency: IT-RoPau
100 ## - HEADING--PERSONAL NAME
- Personal name: Roach Max
- Dates associated with a name: Codice autore musica SPICS: 16225
- Relator term: Autore musica
- Name of part/section of a work: Conversation
670 ## - SOURCE DATA FOUND
- Source citation: Work cat.: (IT-RoPau)99680: AA.VV. 794, Maestri della batteria (I)